Detalles MARC
| 000 -LÍDER |
| Campo fijo de descripción fija |
01312nam a2200289 i 4500 |
| 001 - NÚMERO DE CONTROL |
| Campo de control |
768714001 |
| 003 - IDENTIFICADOR DEL NÚMERO DE CONTROL |
| Campo de control |
CO-MdFUSB |
| 005 - FECHA Y HORA DE LA ULTIMA TRANSACCIÓN |
| control field |
20210921153353.0 |
| 007 - CAMPO FIJO DE DESCRIPCIÓN FIJA--INFORMACIÓN GENERAL |
| Campo fijo de descripción fija |
ta |
| 008 - ELEMENTOS DE LONGITUD FIJA -- INFORMACIÓN GENERAL |
| Campo fijo de descripción fija -- Información general |
200602n ck ad||| |||| 00| 0 spa d |
| 020 ## - NÚMERO INTERNACIONAL NORMALIZADO PARA LIBROS |
| Número Internacional Normalizado del libro |
[No incluye ISBN] |
| 040 ## - FUENTE DE CATALOGACIÓN |
| Agencia de catalogación original |
CO-MdFUSB |
| Idioma de catalogación |
spa |
| Agencia que realiza la transcripción |
CO-MdFUSB |
| Agencia que realiza la modificación |
CO-MdFUSBC |
| Convenciones de la descripción |
rda |
| 041 ## - CÓDIGO DE IDIOMA |
| Código de idioma para texto/pista de sonido o título separado |
spa |
| 110 ## - ASIENTO PRINCIPAL--NOMBRE CORPORATIVO |
| Nombre corporativo o de jurisdicción como elemento de entrada |
Ministerio de enseñanza y evangelización |
| 245 1# - TÍTULO |
| Título del Material |
Introducción al canon bíblico |
| Parte restante del título - Subtitulo |
: guía del maestro |
| Mención de responsabilidad, etc. |
/ Ministerio de enseñanza y evangelización |
| 264 1# - PRODUCCIÓN, PUBLICACIÓN, DISTRIBUCIÓN, MANUFACTURA, Y COPYRIGHT |
| Lugar de producción, publicación, distribución, manufactura |
Bogotá, Colombia : |
| Nombre del productor, publicador, distribuidor |
Ediciones Bíblicas de Colombia, |
| Fecha de producción, publicación, distribución, manufactura, o copyright |
[Fecha de publicación no identificada] |
| 300 ## - DESCRIPCIÓN FÍSICA |
| Dimensiones |
11 páginas ; |
| Extensión |
28 cm |
| 336 ## - TIPO DE CONTENIDO |
| Fuente |
rdacontent |
| Término de tipo de contenido |
texto |
| Código de tipo de contenido |
txt |
| 337 ## - TIPO DE MEDIO |
| Fuente |
rdamedia |
| Nombre del tipo de medio |
sin mediación |
| Código del tipo de medio |
n |
| 338 ## - TIPO DE SOPORTE |
| Fuente |
rdacarrier |
| Nombre del tipo de soporte |
volumen |
| Código Tipo de soporte |
nc |
| 505 ## - NOTA DE CONTENIDO |
| Nota de contenido con formato preestablecido |
Estudio deductivo de la biblia -- Qué contiene la biblia -- Cómo esa dividida la biblia -- División del Antiguo y del Nuevo Testamento. |
| 520 ## - NOTA DE RESUMEN, ETC. |
| Nota de sumario, etc. |
Los libros Historicos a su vez, se subdividen en dos grupos de libros, el Pentateuco que contiene la historia primitiva de Israel y los libros propiamente llamados Históricos (El alumno ya ubicado en el lado A de la tabla N.1, debe ahora dirigirse al lugar de la SALIDA) |
| 563 ## - NOTA DE ENCUADERNACIÓN |
| Nota de encuadernación |
Rústico |
| 650 #7 - ASIENTO SECUNDARIO DE MATERIA - TERMINO TEMÁTICO |
| 9 (RLIN) |
320 |
| Término temático o nombre geográfico como elemento de entrada |
Teología bíblica |
| 942 ## - TIPO DE MATERIAL (KOHA) |
| Tipo de Item KOHA |
Libros General |
| 945 ## - LOCAL PROCESSING INFORMATION (OCLC) |
| a |
Dani |
| b |
AEM-53 |